LIBRARY ONLINE CATALOGUE

Foundational issues in christian education : (Record no. 4421)

MARC details
000 -LEADER
fixed length control field 00643cam a22002052 4500
001 - CONTROL NUMBER
control field 0000023725
005 - DATE AND TIME OF LATEST TRANSACTION
control field 20151217145943.0
008 - FIXED-LENGTH DATA ELEMENTS--GENERAL INFORMATION
fixed length control field 130320s xx 000 0 eng d
020 ## - INTERNATIONAL STANDARD BOOK NUMBER
International Standard Book Number 0801035937
040 ## - CATALOGING SOURCE
Original cataloging agency KABU
Transcribing agency KABU
100 1# - MAIN ENTRY--PERSONAL NAME
Personal name Pazmino, Robert W.
-- 0000183425
245 10 - TITLE STATEMENT
Title Foundational issues in christian education :
Remainder of title an introduction in evangelical perspective /
Statement of responsibility, etc. Robert W. Pazmino.
250 ## - EDITION STATEMENT
Edition statement 3rd ed.
260 ## - PUBLICATION, DISTRIBUTION, ETC. (IMPRINT)
Place of publication, distribution, etc. Michigan :
Name of publisher, distributor, etc. Baker academic,
Date of publication, distribution, etc. 2008.
300 ## - PHYSICAL DESCRIPTION
Extent 296 p.
650 #0 - SUBJECT ADDED ENTRY--TOPICAL TERM
Topical term or geographic name as entry element Christian education.
-- 0000149610
852 1# - LOCATION
-- p2000 KES
908 ## - PUT COMMAND PARAMETER (RLIN)
Put command parameter 130320
950 ## - LOCAL HOLDINGS (RLIN)
-- 1
Holdings
Withdrawn status Lost status Source of classification or shelving scheme Not for loan Home library Current library Date acquired Total Checkouts Full call number Barcode Date last seen Date last checked out Price effective from Koha item type Cost, normal purchase price
    Library of Congress Classification   Kabarak, Main Campus Kabarak, Main Campus 17/12/2015 1 BV1471.2 .P39 2008 014773 02/08/2024 24/11/2017 17/12/2015 General Collection  
    Library of Congress Classification   Kabarak, Main Campus Kabarak, Main Campus 17/12/2015 2 BV1471.2 .P39 2008 c.2 014671 02/08/2024 16/07/2022 17/12/2015 General Collection  
    Library of Congress Classification   Kabarak, Main Campus Kabarak, Main Campus 17/12/2015   BV1471.2 .P39 2008 c.3 031956 02/08/2024   17/12/2015 General Collection 3250.00